| 000 | 00558nam a2200205Ia 4500 | ||
|---|---|---|---|
| 001 | 9044 | ||
| 003 | IVS | ||
| 005 | 20250626030148.0 | ||
| 008 | 211022s9999 xx 000 0 und d | ||
| 040 | _cIVS | ||
| 082 | _a741.6 NAM | ||
| 100 | _aNamrah Fareed | ||
| 245 | 0 | _aDepiction of culture through the medium of Pakistani Television drama | |
| 260 | _aKarachi | ||
| 260 | _bIndus Valley School | ||
| 260 | _c2008 | ||
| 300 | _a23 | ||
| 856 | _uhttps://drive.google.com/file/d/15hyygUZe69LsFNeTfcyVJKXFpaUU3DCV/view?usp=sharing | ||
| 942 |
_cDISS _n0 _2ddc |
||
| 999 |
_c7764 _d7764 |
||